[Event "51st World Juniors"]
[Site "Athens GRE"]
[Date "2012.08.04"]
[Round "3.7"]
[White "Wei, Yi"]
[Black "Oparin, Grigoriy"]
[Result "1-0"]
[WhiteTitle "FM"]
[BlackTitle "IM"]
[WhiteElo "2418"]
[BlackElo "2488"]
[WhiteFideId "8603405"]
[BlackFideId "24125890"]
[EventDate "2012.08.02"]

1. e4 c5 2. Nf3 d6 3. d4 cxd4 4. Nxd4 Nf6 5. Nc3 a6 6. Be3 e5 7. Nb3 Be6 8. f3
Nbd7 9. Qd2 b5 10. a4 b4 11. Nd5 Bxd5 12. exd5 Nb6 13. Bxb6 Qxb6 14. a5 Qb7 15.
Ra4 Rb8 16. Qd3 Ra8 17. Qd2 Rb8 18. Qd3 Ra8 19. Qc4 Qxd5 20. Qc7 Rd8 21. Bc4 Rd7
22. Qc8+ Rd8 23. Qxa6 Ra8 24. Bxd5 Rxa6 25. Bb7 Ra7 26. a6 Nd7 27. Rxb4 Nc5 28.
Nxc5 dxc5 29. Rb6 Be7 30. Bc6+ Kd8 31. Rb8+ Kc7 32. Rxh8 Kxc6 33. Rxh7 Rxa6 34.
Kd2 Bf6 35. Rh8 Ra4 36. c3 e4 37. fxe4 Rxe4 38. Re1 Rg4 39. Re2 c4 40. Kc2 1-0

[Event "51st World Juniors"]
[Site "Athens GRE"]
[Date "2012.08.04"]
[Round "3.8"]
[White "Cori, Jorge"]
[Black "Griffiths, Ryan Rhys"]
[Result "1-0"]
[WhiteTitle "GM"]
[BlackTitle "FM"]
[WhiteElo "2487"]
[BlackElo "2362"]
[WhiteFideId "3802272"]
[BlackFideId "2502054"]
[EventDate "2012.08.02"]

1. d4 Nf6 2. Nf3 g6 3. c4 Bg7 4. g3 c6 5. Nc3 d5 6. cxd5 cxd5 7. Ne5 Nfd7 8. Nf3
Nc6 9. Bg2 O-O 10. O-O Nb6 11. Bf4 Bg4 12. Ne5 Nxe5 13. dxe5 Be6 14. Qd4 Qb8 15.
Rfd1 Rd8 16. Rac1 Rd7 17. h4 h6 18. a4 g5 19. hxg5 hxg5 20. Bxg5 Qxe5 21. Qh4 d4
22. Ne4 Rc8 23. Bxe7 Rxc1 24. Rxc1 f5 25. Bf6 Qb8 26. Bxg7 Rxg7 27. Nf6+ Kf7 28.
Nh5 Rg6 29. Nf4 Rg7 30. Qh5+ Ke7 31. Qh6 Qg8 32. a5 Nd7 33. Bd5 Bxd5 34. Nxd5+
Qxd5 35. Qxg7+ Kd6 36. Rd1 Kc5 37. e3 d3 38. Qc3+ 1-0

[Event "51st World Juniors"]
[Site "Athens GRE"]
[Date "2012.08.04"]
[Round "3.9"]
[White "Muhammad, Luthfi Ali"]
[Black "Kovalev, Vladislav"]
[Result "0-1"]
[WhiteTitle "CM"]
[BlackTitle "IM"]
[WhiteElo "2078"]
[BlackElo "2485"]
[WhiteFideId "7103743"]
[BlackFideId "13504398"]
[EventDate "2012.08.02"]

1. e4 e5 2. Nf3 Nc6 3. Nc3 Nf6 4. d4 exd4 5. Nxd4 Bb4 6. Nxc6 bxc6 7. Bd3 d5 8.
exd5 O-O 9. O-O cxd5 10. h3 c6 11. Qf3 Bd6 12. Bf4 Rb8 13. b3 Qc7 14. Bxd6 Qxd6
15. Rad1 Re8 16. Ne2 c5 17. Rfe1 Bd7 18. Nf4 Bc6 19. Nh5 Nxh5 20. Qxh5 g6 21.
Qg5 Kg7 22. Qd2 Re6 23. f4 Rbe8 24. Rxe6 Qxe6 25. Rf1 d4 26. f5 Qe3+ 27. Qxe3
Rxe3 28. Kf2 g5 29. a3 Bd5 30. f6+ Kxf6 31. Bxh7 Ke5 32. Bd3 Bxb3 33. Rb1 Bd5
34. Rb5 Kd6 35. Ra5 c4 36. Bh7 Re7 37. Ra6+ Ke5 38. g4 Re6 39. Rxa7 Rh6 40. Bf5
Rxh3 41. Ra5 Rh6 42. Ke2 Rd6 43. Bc8 Kf4 44. Ra7 Be6 45. Bxe6 fxe6 46. Rc7 d3+
47. Kd2 Rd4 48. a4 e5 49. a5 e4 50. c3 e3+ 51. Kd1 e2+ 0-1

[Event "51st World Juniors"]
[Site "Athens GRE"]
[Date "2012.08.04"]
[Round "3.10"]
[White "Ding, Liren"]
[Black "Aggelis, Nikolaos"]
[Result "1-0"]
[WhiteTitle "GM"]
[BlackTitle "FM"]
[WhiteElo "2695"]
[BlackElo "2352"]
[WhiteFideId "8603677"]
[BlackFideId "4213220"]
[EventDate "2012.08.02"]

1. Nf3 Nf6 2. c4 g6 3. Nc3 d5 4. cxd5 Nxd5 5. h4 Nxc3 6. bxc3 Bg7 7. h5 c5 8. g3
Nc6 9. Bg2 Qa5 10. Qb3 Qa6 11. Rb1 O-O 12. hxg6 hxg6 13. Ng5 Bg4 14. Qb5 Qxa2
15. Rb2 Qa1 16. O-O Rac8 17. Qc4 Ne5 18. Qe4 Bf6 19. Rxb7 Bxg5 20. Qxe5 Bf6 21.
Qe4 Bf5 22. Qf4 e5 23. Qc4 Be6 24. Bd5 Bxd5 25. Qxd5 Rb8 26. Rxb8 Rxb8 27. Qxc5
Rb1 28. Qa3 Be7 29. Qxe7 Rxc1 30. Qd8+ Kg7 31. Rxc1 Qxc1+ 32. Kg2 Qa3 33. Qd5 a5
34. Qxe5+ Kh7 35. c4 a4 36. c5 Qc1 37. Qc3 Qxc3 38. dxc3 a3 39. c6 a2 40. c7
a1=Q 41. c8=Q Qb2 42. Qc4 1-0

[Event "51st World Juniors"]
[Site "Athens GRE"]
[Date "2012.08.04"]
[Round "3.11"]
[White "Shimanov, Aleksandr"]
[Black "Zhou, Yang-Fan"]
[Result "1-0"]
[WhiteTitle "GM"]
[BlackTitle "IM"]
[WhiteElo "2596"]
[BlackElo "2430"]
[WhiteFideId "4198603"]
[BlackFideId "468584"]
[EventDate "2012.08.02"]

1. d4 Nf6 2. c4 g6 3. Nc3 Bg7 4. e4 O-O 5. Nf3 d6 6. Be2 e5 7. O-O Nc6 8. d5 Ne7
9. b4 Ne8 10. c5 f5 11. Ng5 Nf6 12. Ba3 h6 13. Ne6 Bxe6 14. dxe6 fxe4 15. cxd6
cxd6 16. b5 Rc8 17. Qxd6 Rxc3 18. Qxd8 Rxd8 19. Bxe7 Rd4 20. Rfc1 Nd5 21. Bc5
Ra4 22. Rxc3 Nxc3 23. Bd1 Nxd1 24. Rxd1 Bf6 25. a3 Ra5 26. Rb1 b6 27. Bd6 Ra4
28. Rc1 Rd4 29. Bb4 Rd8 30. Kf1 Re8 31. Rc6 Be7 32. Bxe7 Rxe7 33. Ke2 Kg7 34.
Ke3 Kf6 35. Kxe4 Re8 36. Kd5 Rd8+ 37. Rd6 Rc8 38. Rd7 g5 39. Rf7+ Kg6 40. Rxa7 1-0

[Event "51st World Juniors"]
[Site "Athens GRE"]
[Date "2012.08.04"]
[Round "3.12"]
[White "Bluebaum, Matthias"]
[Black "Van Kampen, Robin"]
[Result "0-1"]
[WhiteTitle "IM"]
[BlackTitle "GM"]
[WhiteElo "2424"]
[BlackElo "2565"]
[WhiteFideId "24651516"]
[BlackFideId "1020854"]
[EventDate "2012.08.02"]

1. d4 Nf6 2. c4 g6 3. Nc3 Bg7 4. e4 d6 5. Nf3 O-O 6. Be2 e5 7. Be3 exd4 8. Nxd4
Re8 9. f3 c6 10. Qd2 d5 11. exd5 cxd5 12. O-O Nc6 13. Rad1 Nxd4 14. Bxd4 dxc4
15. Bxc4 Be6 16. Bb5 Rf8 17. Qf2 Qa5 18. a3 Rfd8 19. Kh1 Nh5 20. Bxg7 Kxg7 21.
f4 Nf6 22. Bd3 Bb3 23. Rd2 Rxd3 24. Rxd3 Bc4 25. Qd4 Bxd3 26. Qxd3 Rd8 27. Qf3
b6 28. Rd1 Rxd1+ 29. Qxd1 Qc5 30. Qd2 Ng4 31. g3 h5 32. Ne4 Qc4 33. Qc3+ Qxc3
34. Nxc3 Kf6 35. Kg2 Ke6 36. b3 Ne3+ 37. Kf3 Nf1 38. Nb5 a5 39. b4 axb4 40. axb4
Nxh2+ 41. Ke4 Nf1 42. Nd4+ Kd6 43. Ne2 f6 44. Kd4 Kc6 45. Ke4 Kd6 46. Kd4 Kc6
47. Ke4 Kb5 48. Kd5 Kxb4 49. Ke6 f5 50. Kf6 Kc4 51. Kxg6 Kd3 52. Nc1+ Kd2 0-1

[Event "51st World Juniors"]
[Site "Athens GRE"]
[Date "2012.08.04"]
[Round "3.13"]
[White "Grandelius, Nils"]
[Black "Firat, Burak"]
[Result "1-0"]
[WhiteTitle "GM"]
[BlackTitle "IM"]
[WhiteElo "2562"]
[BlackElo "2423"]
[WhiteFideId "1710400"]
[BlackFideId "6305881"]
[EventDate "2012.08.02"]

1. d4 d5 2. c4 e6 3. Nf3 Nf6 4. g3 Bb4+ 5. Bd2 Be7 6. Bg2 O-O 7. O-O c6 8. Qc2
b6 9. Rd1 Bb7 10. b3 Nbd7 11. Nc3 Rc8 12. e4 c5 13. exd5 exd5 14. Be3 dxc4 15.
d5 Ng4 16. Bf4 Bf6 17. bxc4 Ba6 18. Rac1 Bxc4 19. Ne4 Ba6 20. Nd6 Ra8 21. Qf5
Nh6 22. Bxh6 gxh6 23. Qg4+ Kh8 24. Qh5 Kg8 25. Nf5 Be2 26. Nxh6+ Kg7 27. Nf5+
Kh8 28. Re1 Bxf3 29. Bxf3 Ne5 30. Be4 Ng6 31. h4 Rc8 32. Qe2 Qd7 33. h5 Ne7 34.
Qf3 Rce8 35. Nh6 Bd4 36. d6 1-0

[Event "51st World Juniors"]
[Site "Athens GRE"]
[Date "2012.08.04"]
[Round "3.14"]
[White "Yilmaz, Mustafa"]
[Black "Anwesh, Upadhyaya"]
[Result "1-0"]
[WhiteTitle "IM"]
[BlackTitle "IM"]
[WhiteElo "2543"]
[BlackElo "2374"]
[WhiteFideId "6302718"]
[BlackFideId "5028949"]
[EventDate "2012.08.02"]

1. e4 e5 2. Bc4 Nf6 3. d3 c6 4. Nf3 Be7 5. Bb3 d6 6. c3 Nbd7 7. Nbd2 O-O 8. d4
d5 9. Nxe5 Nxe5 10. dxe5 Nxe4 11. Nxe4 dxe4 12. Bf4 Bf5 13. O-O g5 14. Be3 Qxd1
15. Rfxd1 Rfd8 16. Rxd8+ Rxd8 17. Bxa7 Bf8 18. Rd1 Re8 19. Bb6 h6 20. Rd8 Rxd8
21. Bxd8 Bc5 22. Kf1 e3 23. f3 Bd3+ 24. Ke1 e2 25. e6 fxe6 26. Bxe6+ Kg7 27. f4
Bd6 28. fxg5 hxg5 29. Bxg5 Bxh2 30. Be3 Bg3+ 31. Bf2 Bf4 32. Bg4 Bc1 33. b4 b5
34. Bxe2 Bb1 35. a3 Bxa3 36. Kd2 1-0

[Event "51st World Juniors"]
[Site "Athens GRE"]
[Date "2012.08.04"]
[Round "3.15"]
[White "Grigoryan, Karen H."]
[Black "Malikentzos, Sotirios"]
[Result "1-0"]
[WhiteTitle "IM"]
[BlackTitle "FM"]
[WhiteElo "2529"]
[BlackElo "2337"]
[WhiteFideId "13301004"]
[BlackFideId "4215079"]
[EventDate "2012.08.02"]

1. c4 e6 2. Nf3 d5 3. d4 Nf6 4. Nc3 Nbd7 5. cxd5 exd5 6. Bg5 c6 7. e3 Be7 8. Qc2
O-O 9. Bd3 Re8 10. O-O g6 11. Rab1 Nh5 12. Bxe7 Qxe7 13. b4 a6 14. Na4 Nhf6 15.
Nc5 Ne4 16. Rfc1 Nb6 17. a4 Nd6 18. b5 axb5 19. axb5 Nbc4 20. bxc6 bxc6 21. Bxc4
Nxc4 22. Qc3 Ra3 23. Rb3 Rxb3 24. Nxb3 Bf5 25. Nbd2 Nxd2 26. Nxd2 Ra8 27. Qb2
Qd6 28. h3 Rb8 29. Qc3 Bd7 30. Nb3 Qa3 31. Nc5 Qxc3 32. Rxc3 Bf5 33. Ra3 Rb6 34.
g4 Bc2 35. Ra2 Bb1 36. Ra8+ Kg7 37. Rc8 Be4 38. Nxe4 dxe4 39. Kg2 h6 40. Kg3 g5
41. h4 Kf6 42. Rh8 Kg6 43. Ra8 gxh4+ 44. Kxh4 Rb2 45. Kg3 h5 46. Rg8+ Kh7 47.
Re8 h4+ 48. Kxh4 Rxf2 49. Rxe4 Rf3 50. g5 Kg6 51. Re8 Rf1 52. Rc8 Rc1 53. Kg4 f6
54. gxf6 Kxf6 55. Re8 c5 56. d5 Kf7 57. Rc8 Ke7 58. Rc6 c4 59. Kf5 c3 60. Ke5 c2
61. e4 Kd7 62. Rc3 Ke7 63. Rc7+ Ke8 64. d6 Kd8 65. Rc3 Kd7 66. Rc4 Kd8 67. Rc7
Ke8 68. Ke6 Kd8 69. e5 1-0

[Event "51st World Juniors"]
[Site "Athens GRE"]
[Date "2012.08.04"]
[Round "3.16"]
[White "Shyam, Sundar M."]
[Black "Velten, Paul"]
[Result "1/2-1/2"]
[WhiteTitle "IM"]
[BlackTitle "FM"]
[WhiteElo "2486"]
[BlackElo "2366"]
[WhiteFideId "5019141"]
[BlackFideId "681091"]
[EventDate "2012.08.02"]

1. e4 e6 2. d4 d5 3. Nd2 c5 4. exd5 Qxd5 5. dxc5 Qxc5 6. Ne4 Qc7 7. Nf3 Nd7 8.
Qd4 Ngf6 9. Nxf6+ Nxf6 10. Bd3 Bc5 11. Qh4 Bd7 12. Bh6 Ng4 13. Qxg4 gxh6 14. Qh4
Qa5+ 15. Kf1 Be7 16. Qxh6 O-O-O 17. Re1 Bd6 18. Qf6 Qxa2 19. Ne5 Bxe5 20. Qxe5
Bc6 21. b3 Qa3 22. Ra1 Qb4 23. Rxa7 Qd2 24. f3 Rhg8 25. Ra8+ Kd7 26. Rxd8+ Rxd8
27. Qe1 Qf4 28. Qg3 Qc1+ 29. Qe1 Qf4 30. Qg3 Qc1+ 31. Qe1 Qf4 32. Qg3 1/2-1/2

[Event "51st World Juniors"]
[Site "Athens GRE"]
[Date "2012.08.04"]
[Round "3.17"]
[White "Dimitrov, Radoslav"]
[Black "Hansen, Eric"]
[Result "1/2-1/2"]
[WhiteTitle "IM"]
[BlackTitle "IM"]
[WhiteElo "2424"]
[BlackElo "2472"]
[WhiteFideId "2908549"]
[BlackFideId "2606771"]
[EventDate "2012.08.02"]

1. d4 Nf6 2. c4 g6 3. Nc3 d5 4. Nf3 Bg7 5. e3 O-O 6. b4 b6 7. Ba3 c5 8. bxc5
bxc5 9. Rc1 Ne4 10. cxd5 Nxc3 11. Rxc3 cxd4 12. Nxd4 Qxd5 13. Qb3 Be6 14. Qxd5
Bxd5 15. Bb5 a6 16. Ba4 Ra7 17. O-O Bf6 18. Rfc1 Nd7 19. Nc6 Bxc6 20. Rxc6 Rb8
21. h3 Kg7 22. R6c2 Nb6 23. Bb3 a5 24. Rc7 Rxc7 25. Rxc7 a4 26. Bc2 Nd5 27. Rc4
Nc3 28. Bxe7 Bxe7 29. Rxc3 Rb2 30. Bxa4 Rxa2 31. Bc2 Ra1+ 32. Kh2 Rf1 33. Kg3
Bb4 34. Rc4 Be1 35. Rf4 h5 36. Bd3 h4+ 37. Kxh4 Rxf2 1/2-1/2

[Event "51st World Juniors"]
[Site "Athens GRE"]
[Date "2012.08.04"]
[Round "3.18"]
[White "Antipov, Mikhail Al."]
[Black "Podolsky, Anton"]
[Result "1/2-1/2"]
[WhiteTitle "IM"]
[WhiteElo "2462"]
[BlackElo "2246"]
[WhiteFideId "4107012"]
[BlackFideId "14119668"]
[EventDate "2012.08.02"]

1. e4 e6 2. d4 d5 3. Nc3 Bb4 4. e5 c5 5. a3 Bxc3+ 6. bxc3 Ne7 7. Nf3 Qc7 8. a4
h6 9. Bd3 c4 10. Be2 a5 11. h4 Nd7 12. Ba3 Nb6 13. Qd2 Bd7 14. h5 Nxa4 15. Nh4
Bc6 16. Bd6 Qd8 17. g4 Nc8 18. Ba3 Na7 19. Bc1 Qc7 20. f4 O-O-O 21. O-O Qe7 22.
Qe1 Nxc3 23. Qxc3 Qxh4 24. Rxa5 Nb5 25. Qe3 Nxd4 26. Qxd4 Qg3+ 27. Kh1 Qh3+ 28.
Kg1 Qg3+ 29. Kh1 Qh3+ 30. Kg1 1/2-1/2

[Event "51st World Juniors"]
[Site "Athens GRE"]
[Date "2012.08.04"]
[Round "3.19"]
[White "Soors, Stef"]
[Black "Mihok, Oliver"]
[Result "1/2-1/2"]
[WhiteTitle "FM"]
[BlackTitle "IM"]
[WhiteElo "2364"]
[BlackElo "2456"]
[WhiteFideId "209511"]
[BlackFideId "728012"]
[EventDate "2012.08.02"]

1. e4 e5 2. Nf3 Nc6 3. Nc3 Nf6 4. Bb5 Bb4 5. O-O O-O 6. d3 d6 7. Bg5 Bxc3 8.
bxc3 Qe7 9. Re1 Nd8 10. d4 Ne6 11. Bd2 c5 12. Bc4 Nc7 13. Bg5 h6 14. Bh4 Bg4 15.
Rb1 Rab8 16. Qd3 Rfd8 17. Nd2 g5 18. Bg3 Nh5 19. Bd5 b6 20. Nf1 Nf4 21. Bxf4
gxf4 22. Nd2 Qf6 23. dxc5 dxc5 24. c4 Kh8 25. Qa3 a6 26. Qc3 Rg8 27. a4 a5 28.
Rb5 Bd7 29. Nf3 Qg7 30. g3 Bxb5 31. cxb5 Nxd5 32. exd5 fxg3 33. hxg3 f6 34. Kg2
Rbe8 35. Re4 Qg6 36. Qe3 Rg7 37. Nh4 Qg5 38. Qf3 h5 39. Nf5 Rh7 40. Rh4 Rd8 41.
c4 Kg8 42. Qe4 Kh8 43. Ne3 Rdd7 44. Kh3 Rd8 45. Kh2 Rdd7 46. Kg2 Rd8 47. Nf5
Rdd7 48. Rh1 Qg4 49. Rh4 Qxe4+ 50. Rxe4 Kg8 51. Rh4 Kf7 52. Kf3 Rd8 53. Ke4 Rg8
54. Ne3 Rg5 55. Rh3 Rh8 56. f3 Kg6 57. g4 Rd8 58. gxh5+ Kf7 59. Rh1 Rh8 60. h6
Rh7 61. Nf5 Rg2 62. Rd1 Re2+ 63. Kd3 Ra2 64. Ke4 Re2+ 65. Kd3 Ra2 66. Rg1 Rxa4
67. d6 Ke6 68. Rg7 Rh8 69. h7 Kxf5 70. d7 Ke6 71. Ke3 Ra3+ 72. Ke2 Ra2+ 73. Ke3
Ra3+ 74. Ke2 Ra2+ 75. Ke3 Ra3+ 1/2-1/2

[Event "51st World Juniors"]
[Site "Athens GRE"]
[Date "2012.08.04"]
[Round "3.20"]
[White "Ivekovic, Zvonimir"]
[Black "Bajarani, Ulvi"]
[Result "1-0"]
[BlackTitle "IM"]
[WhiteElo "2320"]
[BlackElo "2446"]
[WhiteFideId "14511320"]
[BlackFideId "13403028"]
[EventDate "2012.08.02"]

1. e4 e6 2. d4 d5 3. Nc3 Nf6 4. Bg5 Be7 5. e5 Nfd7 6. h4 Bxg5 7. hxg5 Qxg5 8.
Qd3 Qg6 9. Qxg6 fxg6 10. Nh3 Nf8 11. O-O-O Bd7 12. Ne2 Nc6 13. Nef4 Ne7 14. c4
h6 15. Bd3 Rg8 16. Rhe1 g5 17. Nh5 dxc4 18. Bxc4 Bc6 19. f3 Bd5 20. Bxd5 Nxd5
21. f4 gxf4 22. N3xf4 Ne7 23. g4 O-O-O 24. Rf1 Nc6 25. Ne2 Rd7 26. Nhf4 Re7 27.
Kd2 Nh7 28. Ke3 Ng5 29. Ng6 Ree8 30. Nc3 Ne7 31. Nf4 c6 32. Ne4 Nxe4 33. Kxe4
Kd7 34. Rf2 Ref8 35. Rdf1 b6 36. a3 Rf7 37. b4 Rc8 38. Nh5 Rxf2 39. Rxf2 g6 40.
Nf6+ Kc7 41. Nh7 Re8 42. Rf6 Nd5 43. Rxg6 Rd8 44. Rxh6 Nc3+ 45. Ke3 Nd1+ 46. Ke2
Rxd4 47. g5 Nc3+ 48. Ke3 Rg4 49. Kf3 Rd4 50. g6 Rd3+ 51. Kg2 Rd2+ 52. Kf1 Rd1+
53. Kf2 Rd2+ 54. Ke3 Rg2 55. Nf6 Nd5+ 56. Kf3 Rg5 57. Rh7+ Kd8 58. g7 Ne7 59.
Kf4 1-0

[Event "51st World Juniors"]
[Site "Athens GRE"]
[Date "2012.08.04"]
[Round "3.21"]
[White "Codenotti, Marco"]
[Black "Gao, Rui"]
[Result "1/2-1/2"]
[WhiteTitle "FM"]
[BlackTitle "IM"]
[WhiteElo "2314"]
[BlackElo "2442"]
[WhiteFideId "800015"]
[BlackFideId "8602387"]
[EventDate "2012.08.02"]

1. e4 c5 2. c3 d5 3. exd5 Qxd5 4. d4 Nc6 5. Nf3 Bg4 6. Be2 cxd4 7. cxd4 e6 8.
Nc3 Qd6 9. O-O Nf6 10. h3 Bh5 11. Be3 Be7 12. Qb3 O-O 13. Rfd1 Rfd8 14. Rac1 Qb4
15. g4 Qxb3 16. axb3 Bg6 17. Ne5 Nb4 18. Nxg6 hxg6 19. Bf3 Rd7 20. Na4 Nfd5 21.
Nc5 Rc7 22. Bd2 Rb8 23. Bxb4 Nxb4 24. Rc4 a5 25. Nd3 Rd7 26. Ne5 Rdd8 27. Rc7
Bd6 28. Rd7 Rxd7 29. Nxd7 Rd8 30. Nb6 Bc7 31. Na4 b6 32. Nc3 g5 33. d5 exd5 34.
Nxd5 Nxd5 35. Bxd5 Kf8 36. b4 axb4 37. Bb3 Bd6 38. Kg2 f6 39. Bc4 Ke7 40. b3 Ra8
41. Re1+ Be5 42. h4 Kd6 43. Rd1+ Kc7 44. hxg5 fxg5 45. Rd5 Bf6 46. Kg3 Re8 47.
Rb5 Be7 48. Rf5 Bf6 49. Rb5 Re4 50. Rxb4 Be7 51. Ra4 Bd6+ 1/2-1/2

[Event "51st World Juniors"]
[Site "Athens GRE"]
[Date "2012.08.04"]
[Round "3.22"]
[White "Kigel, Dmytro"]
[Black "Krysa, Leandro"]
[Result "1-0"]
[WhiteTitle "FM"]
[BlackTitle "IM"]
[WhiteElo "2276"]
[BlackElo "2438"]
[WhiteFideId "14117932"]
[BlackFideId "116807"]
[EventDate "2012.08.02"]

1. d4 Nf6 2. c4 e6 3. Nc3 Bb4 4. Nf3 c5 5. g3 cxd4 6. Nxd4 Ne4 7. Qd3 Nxc3 8.
bxc3 Be7 9. Bg2 O-O 10. O-O d6 11. Be4 f5 12. Bg2 Na6 13. Qe3 e5 14. Nb3 Qc7 15.
Bd5+ Kh8 16. Qd3 Bd7 17. Ba3 Bc6 18. f4 e4 19. Qe3 Bxd5 20. cxd5 Qc4 21. Rfd1
Nc7 22. Rd4 Nxd5 23. Qd2 Qa6 24. Rxd5 Rf6 25. Bb4 h5 26. Rd1 h4 27. Bxd6 Bxd6
28. Rxd6 Rxd6 29. Qxd6 Qxe2 30. Qd2 Qg4 31. Qe1 hxg3 32. hxg3 Re8 33. Rd2 e3 34.
Rh2+ Kg8 35. Nd4 g5 36. Qe2 gxf4 37. Qxg4+ fxg4 38. gxf4 Rc8 39. Rc2 Rf8 40. f5
Rc8 1-0

[Event "51st World Juniors"]
[Site "Athens GRE"]
[Date "2012.08.04"]
[Round "3.23"]
[White "Zherebukh, Yaroslav"]
[Black "Potpara, Nikola"]
[Result "1-0"]
[WhiteTitle "GM"]
[WhiteElo "2629"]
[BlackElo "2201"]
[WhiteFideId "14116804"]
[BlackFideId "910058"]
[EventDate "2012.08.02"]

1. e4 c5 2. Nf3 e6 3. g3 Nc6 4. Bg2 Nf6 5. Qe2 d5 6. exd5 Nxd5 7. O-O Be7 8. Rd1
Nd4 9. Nxd4 cxd4 10. c3 O-O 11. d3 Rb8 12. c4 Nf6 13. Na3 Re8 14. Qe5 Ra8 15.
Nc2 Qb6 16. b4 Ng4 17. Qe2 e5 18. Rb1 a5 19. Bd2 a4 20. h3 Nf6 21. Qxe5 Bd6 22.
Qxd4 Qc7 23. Re1 Bf5 24. Bc3 Rad8 25. Rxe8+ Rxe8 26. Re1 Rd8 27. Qe3 Re8 28. Qd2
Rxe1+ 29. Nxe1 Be7 30. Nf3 Qd8 1-0

[Event "51st World Juniors"]
[Site "Athens GRE"]
[Date "2012.08.04"]
[Round "3.24"]
[White "Torres, Juan Camilo"]
[Black "Rapport, Richard"]
[Result "0-1"]
[BlackTitle "GM"]
[WhiteElo "2291"]
[BlackElo "2605"]
[WhiteFideId "4405790"]
[BlackFideId "738590"]
[EventDate "2012.08.02"]

1. d4 Nf6 2. c4 d6 3. Nf3 g6 4. g3 Bg7 5. Nc3 Bf5 6. Bg2 Ne4 7. Nxe4 Bxe4 8. O-O
O-O 9. Ne1 Bxg2 10. Nxg2 Nc6 11. d5 Ne5 12. Qb3 a5 13. a4 b6 14. Bd2 Nd7 15. Bc3
Nc5 16. Qc2 e5 17. dxe6 fxe6 18. Bxg7 Kxg7 19. Rad1 Qf6 20. Nf4 Rf7 21. Nd3 Nd7
22. f4 Raf8 23. b3 Kg8 24. Nf2 Qg7 25. Ne4 h6 26. e3 g5 27. Kh1 Qg6 28. Qg2 e5
29. Nc3 gxf4 30. gxf4 Qxg2+ 31. Kxg2 exf4 32. Rxf4 Nc5 33. Rxf7 Rxf7 34. Rb1
Rg7+ 35. Kf3 Kf7 36. Nd5 Ke6 37. Nf4+ Ke5 38. Rd1 Rf7 39. Rb1 Nd3 40. Kg3 Nxf4
41. exf4+ Rxf4 42. Rd1 Rd4 43. Rb1 c6 44. Kf3 Rf4+ 45. Kg3 h5 0-1

[Event "51st World Juniors"]
[Site "Athens GRE"]
[Date "2012.08.04"]
[Round "3.25"]
[White "Holt, Conrad"]
[Black "Leiva, Giuseppe"]
[Result "1-0"]
[WhiteTitle "IM"]
[BlackTitle "FM"]
[WhiteElo "2498"]
[BlackElo "2283"]
[WhiteFideId "2034387"]
[BlackFideId "3804399"]
[EventDate "2012.08.02"]

1. d4 Nf6 2. c4 e6 3. Nc3 Bb4 4. Qc2 d5 5. cxd5 exd5 6. Bg5 h6 7. Bh4 c5 8. dxc5
g5 9. Bg3 Ne4 10. O-O-O Bxc3 11. f3 Bd2+ 12. Rxd2 Nxd2 13. Qxd2 Nc6 14. h4 g4
15. e3 Rg8 16. Bf4 Bf5 17. Ne2 gxf3 18. gxf3 Qf6 19. Nc3 O-O-O 20. Nxd5 Rxd5 21.
Qxd5 Rd8 22. Bd6 Be6 23. Qe4 Rg8 24. Qf4 Qg6 25. h5 Qg7 26. Bb5 Qg2 27. Rd1 Qf2
28. Bxc6 bxc6 29. Bb8 1-0

[Event "51st World Juniors"]
[Site "Athens GRE"]
[Date "2012.08.04"]
[Round "3.26"]
[White "Heimann, Andreas"]
[Black "Nuri, Kambez"]
[Result "1-0"]
[WhiteTitle "IM"]
[BlackTitle "FM"]
[WhiteElo "2493"]
[BlackElo "2274"]
[WhiteFideId "24624632"]
[BlackFideId "1311433"]
[EventDate "2012.08.02"]

1. Nf3 Nf6 2. c4 e6 3. g3 d5 4. Bg2 dxc4 5. Qa4+ c6 6. Qxc4 b5 7. Qb3 Bb7 8. O-O
Nbd7 9. d3 a6 10. Bg5 Be7 11. Rc1 c5 12. a4 O-O 13. axb5 Bd5 14. Qc2 axb5 15.
Nc3 Bc6 16. Nd2 Bxg2 17. Kxg2 Qb6 18. Kg1 Rac8 19. Nde4 c4 20. Nxf6+ Nxf6 21. e3
cxd3 22. Qxd3 Rc5 23. Ne4 Rd5 24. Qc2 Rfd8 25. Bxf6 gxf6 26. Rd1 Rxd1+ 27. Rxd1
Rxd1+ 28. Qxd1 f5 29. Qd7 fxe4 30. Qxe7 Qc6 31. Qg5+ Kf8 32. Kg2 Qc4 33. Qf6 Qe2
34. h4 h5 35. b3 Ke8 36. Qf4 f5 37. Qd6 Kf7 38. Qd7+ Kf6 39. Qd8+ Kf7 40. Qd7+
Kf6 41. Qd8+ Kf7 42. b4 Qd3 43. Qc7+ Kf6 44. Qb7 Qe2 45. Qd7 Qd3 46. Qe8 Qe2 47.
Qf8+ Ke5 48. Qd8 Qc4 49. Qh8+ Kd6 50. Qxh5 Qxb4 51. Qe8 Qc4 52. Qd8+ Kc5 53. h5
Qe2 54. h6 Qh5 55. Qe7+ Kc4 56. Qxe6+ Kd3 57. Qd7+ Ke2 58. Qxb5+ Ke1 59. Qb4+
Ke2 60. Qb2+ Ke1 61. Qc1+ Ke2 62. Qh1 Qf3+ 63. Kh2 Qh5+ 64. Kg1 1-0

[Event "51st World Juniors"]
[Site "Athens GRE"]
[Date "2012.08.04"]
[Round "3.27"]
[White "Minko, Vladimir"]
[Black "Kanarek, Marcel"]
[Result "1/2-1/2"]
[BlackTitle "IM"]
[WhiteElo "2257"]
[BlackElo "2487"]
[WhiteFideId "24146706"]
[BlackFideId "1126822"]
[EventDate "2012.08.02"]

1. d4 Nf6 2. c4 g6 3. Nc3 Bg7 4. e4 d6 5. Nf3 O-O 6. Be2 e5 7. dxe5 dxe5 8. Qxd8
Rxd8 9. Bg5 Nbd7 10. O-O-O Rf8 11. h3 c6 12. Be3 Re8 13. Ne1 Nf8 14. Nd3 N6d7
15. Bg4 Ne6 16. Bxe6 Rxe6 17. Nc5 Re7 18. Nxd7 Rxd7 19. Rxd7 Bxd7 20. Rd1 Be6
21. b3 Bf8 22. Kb2 Be7 23. Rd2 Kg7 24. f3 h5 25. Rd1 b6 26. a4 Rb8 27. Rd2 f6
28. Rd1 Kf7 29. Rd2 Bb4 30. Rd1 g5 31. Na2 Be7 32. Nc3 Bf8 33. Kc2 Bb4 34. Kb2
Ke7 35. Kc2 Rh8 36. Rh1 Rg8 37. Rf1 Kd7 38. Na2 Bd6 39. Nc3 Kc7 40. Kd3 Kb7 41.
Bf2 Bb4 42. Be3 a5 43. Na2 Ra8 44. Kc2 Ba3 45. Nc3 Be7 46. Rd1 Rg8 47. Rf1 Kc7
48. Kd3 Bd6 49. Kc2 Rg6 50. Kd3 Rg8 51. Kc2 Be7 52. Kd3 Rf8 53. Rc1 Rd8+ 54. Ke2
Bb4 55. Nd5+ Bxd5 1/2-1/2

[Event "51st World Juniors"]
[Site "Athens GRE"]
[Date "2012.08.04"]
[Round "3.28"]
[White "Larmuseau, Maarten"]
[Black "Schreiner, Peter"]
[Result "0-1"]
[BlackTitle "FM"]
[WhiteElo "2245"]
[BlackElo "2444"]
[WhiteFideId "209988"]
[BlackFideId "1621645"]
[EventDate "2012.08.02"]

1. e4 e5 2. Nf3 Nc6 3. Bc4 Bc5 4. c3 Nf6 5. d3 a6 6. O-O Ba7 7. Bb3 O-O 8. Qe2
Re8 9. Be3 d5 10. Bxa7 Rxa7 11. Nbd2 Ra8 12. Rfd1 Be6 13. Nf1 h6 14. Ne3 Qd7 15.
d4 exd4 16. Nxd4 Nxd4 17. Rxd4 c5 18. Rdd1 d4 19. Nc4 Rad8 20. cxd4 cxd4 21. f3
b5 22. Na5 d3 23. Qd2 Qa7+ 24. Kh1 Bxb3 25. axb3 Qb6 26. b4 Rxe4 27. Qc3 Re2 28.
Rf1 Nd5 29. Qxd3 Rxg2 30. Rad1 Rxb2 31. Nb3 Qd6 32. f4 Qxb4 33. Nc1 Rd6 34. Qf3
Qc4 35. Rfe1 Qc2 36. Ne2 Rb3 37. Qg2 Rd3 38. Rc1 Qd2 39. Rc8+ Kh7 40. Qe4+ g6
41. Nc3 Nxc3 0-1